ბათუმის შოთა რუსთაველის სახელმწიფო უნივერსიტეტის ბიბლიოთეკა

საინოვაციო საქმიანობის მართვის სრულყოფის ძირითადი მიმართულებები (ბიბ.ჩანაწერი № 34820)

000 -LEADER
fixed length control field 00917nam a2200229Ia 4500
001 - CONTROL NUMBER
control field 631
003 - CONTROL NUMBER IDENTIFIER
control field GE_BSU
008 - FIXED-LENGTH DATA ELEMENTS--GENERAL INFORMATION
fixed length control field 181216s||||||||xx |||||||||||||| ||und||
020 ## - INTERNATIONAL STANDARD BOOK NUMBER
International Standard Book Number 989941125614
040 ## - CATALOGING SOURCE
Transcribing agency GE_BSU
080 ## - UNIVERSAL DECIMAL CLASSIFICATION NUMBER
Universal Decimal Classification number 339.13(479.22)+330.35(479.22)
100 ## - MAIN ENTRY--PERSONAL NAME
Personal name კაკულია, ემზარ
245 ## - TITLE STATEMENT
Title საინოვაციო საქმიანობის მართვის სრულყოფის ძირითადი მიმართულებები
245 ## - TITLE STATEMENT
Remainder of title (მონოგრაფია)
260 ## - PUBLICATION, DISTRIBUTION, ETC.
Place of publication, distribution, etc. თბილისი
260 ## - PUBLICATION, DISTRIBUTION, ETC.
Name of publisher, distributor, etc. უნივერსალი
260 ## - PUBLICATION, DISTRIBUTION, ETC.
Date of publication, distribution, etc. 2009
300 ## - PHYSICAL DESCRIPTION
Extent 147 გვ.
653 ## - INDEX TERM--UNCONTROLLED
Uncontrolled term საინოვაციო საქმიანობის მართვის სრულყოფის ძირითადი მიმართულებები
942 ## - ADDED ENTRY ELEMENTS (KOHA)
Koha item type წიგნი
ეგზემპლარები
Withdrawn status Lost status Damaged status Not for loan Date acquired Barcode Date last seen Price effective from Koha item type
        2018-12-17 1791 2018-12-17 2018-12-17 წიგნი